000 00647nam a2200253Ia 4500
005 20260121155303.0
008 008 260114s9999 xx 000 0 eng d
020 _a9780429264481
037 _aEBOOK
040 _aCRL
040 _beng
040 _cCRL
041 _2eng
041 _aeng
084 _qCRL
100 _a Basharat Nabi Dar; Shabir Ahmad Mir
_91017672
245 0 _aEmerging Technologies for Shelf-Life Enhancement of Fruits
260 _bTaylor and Francis
260 _c2020
856 _uhttp://www.taylorfrancis.com/books/9780429264481
942 _cEBOOK
999 _c1584491
_d1584491